2022 FIFA World Cup Group E - Spain - Germany - Statistics

General Stats
  • This quiz has been taken 223 times
  • The average score is 22 of 33
Answer Stats
Player % Correct
Manuel Neuer
95%
Gavi
89%
Pedri
89%
Joshua Kimmich
86%
Álvaro Morata ¹
85%
Thomas Müller
85%
Serge Gnabry
84%
Unai Simón
84%
Leroy Sané
83%
Sergio Busquets
82%
Antonio Rüdiger
79%
Jamal Musiala
78%
Jordi Alba
78%
Leon Goretzka
78%
Ferran Torres
77%
Niklas Süle
73%
Dani Carvajal
70%
Hansi Flick
70%
Rodri
69%
Aymeric Laporte
66%
İlkay Gündoğan
63%
Dani Olmo
61%
David Raum
61%
Luis Enrique
61%
Niclas Füllkrug ¹
59%
Marco Asensio
54%
Nico Schlotterbeck
53%
Nico Williams
47%
Alejandro Balde
35%
Thilo Kehrer
35%
Koke
30%
Lukas Klostermann
29%
Jonas Hofmann
22%
No matching quizzes found
Score Distribution
Percent of People with Each Score
Percentile by Number Answered
Your Score History
You have not taken this quiz